000 00919nam a22002537a 4500
001 9951
003 FISKH
005 20260319110338.0
008 260319b cb ||||| |||| 00| 0 eng d
020 _a9789814242271
040 _aFISKH
_beng
_cFISKH
_dFISKH
082 _a534
100 _aFuture Ace Publishing
245 _aMy ears can hear /
_cBy Future Ace Publishing Pte Ltd
260 _aButterworth, Penang :
_bFuture Ace Publishing Pte Ltd ,
300 _a17 pages :
_bcolor illustrations ;
_c17 cm .
490 _aChildren Science Stories
505 _aF
520 _aThis series of " Science Stories " is specially written to explain some simple scienticfic facts , with the hope that it will stimulate their mind and build up their interested in acquiring more knowledge .
521 8 _a350
_bLexile estimate
521 8 _aF
_bRAz-Plus
942 _2ddc
_cBK
_n0
999 _c9951
_d9951